000 00282nam a2200121Ia 4500
100 _aNovell
942 _cBK
654 _aUtilities Reference - Netware -3.12
245 _aUtilities Reference - Netware -3.12
260 _bNovell
_aU.S.A
_c1993
300 _a468
546 _aENGLISH
999 _c30178
_d30178